Statistics for Languages of Switzerland

Click here to take the quiz!

General Stats

  • This quiz has been taken 84 times
    (48 since last reset)
  • The average score is 12 of 16

Answer Stats

N° of SpeakersLanguage% Correct
4,424,150German
100%
1,567,197French
100%
581,331Italian
100%
159,859Spanish
98%
374,642English
93%
40,299Romansh
86%
256,650Portuguese
83%
32,244Russian
81%
24,881Polish
81%
161,882Serbo-Croatian
76%
22,357Dutch
76%
36,857Arabic
74%
78,015Turkish
64%
188,125Albanian
48%
20,597Hungarian
43%
31,145Tamil
5%

Score Distribution

Percentile by Number Answered

Percent of People with Each Score

Your Score History

You have not taken this quiz since the last reset